From natural language processing to logic for expert systems : a logic based approach to artificial intelligence

Αποθηκεύτηκε σε:
Λεπτομέρειες βιβλιογραφικής εγγραφής
Κύριος συγγραφέας: Binot, Jean-Louis (Συγγραφέας)
Άλλοι συγγραφείς: Thayse, André, 1940- (Επιμελητής έκδοσης)
Μορφή: Βιβλίο
Γλώσσα:English
Δημοσίευση: Chichester ; New York : Wiley, c1991.
Θέματα:
Ετικέτες: Προσθήκη ετικέτας
Δεν υπάρχουν, Καταχωρήστε ετικέτα πρώτοι!

MARC

LEADER 00000cam a2200000 i 4500
001 1/35966
008 941103s1991####enk| ||| |||| ||eng||
020 |a 0471924318  |c $68.90 
035 |l 10040115 
035 |a 1991  |c ΔΑΡΖΕΝΤΑΣ 
040 |a GR-MyUA  |b gre  |e AACR2 
041 0 |a eng 
082 0 |a 006.3   |2 (20) 
245 1 0 |a From natural language processing to logic for expert systems :   |b a logic based approach to artificial intelligence /   |c editor, Andre Thayse ; authors, Jean-Louis Binot ... [κ.α.].  
260 |a Chichester ;   |a New York :   |b Wiley,   |c c1991.  
300 |a xx, 535 σ. :   |b εικ. ;   |c 25 εκ.  
504 |a Περιέχει βιβλιογραφικές αναφορές και ευρετήριο.  
650 0 0 |a Natural language processing (Computer science) 
650 0 0 |a Expert systems (Computer science) 
650 0 0 |a Logic, Symbolic and mathematical. 
650 0 0 |a Artificial intelligence. 
700 1 |a Thayse, André,   |d 1940-  |e edt 
700 1 |a Binot, Jean-Louis,  |e aut 
852 |a INST  |b SAMOS  |e 19941103  |h 006.3 FRO  |p 005300003454  |q 005300003454  |t BK  |y 0 
909 |a Σ  |b 021760